Com es fa un pla d'emergència d'un centre escolar
Descripción Física:
24, [21] f. ; 30 cm
Colección:
Documents de medi ambient
MARC
| LEADER | 00000nam a2200000Ia 4500 | ||
|---|---|---|---|
| 001 | 24297 | ||
| 003 | BGR | ||
| 005 | 20260324180607.0 | ||
| 008 | 160829s1993 xx 000 0 cat d | ||
| 080 | |a FU-65-9 | ||
| 245 | |a Com es fa un pla d'emergència d'un centre escolar | ||
| 260 | |a [Barcelona] : |b Diputació de Barcelona. Servei del Medi Ambient, |c 1993 | ||
| 300 | |a 24, [21] f. ; |c 30 cm | ||
| 490 | |a Documents de medi ambient | ||
| 590 | |a A la portada: Núm. 004; àmbit: protecció civil | ||
| 650 | |a Escoles -- Mesures de seguretat |9 49534 | ||
| 650 | |a Accidents escolars |x Prevenció |9 49535 | ||
| 650 | |a Gestió d'emergències |x Barcelona (província) |9 49536 | ||
| 710 | 1 | |a Barcelona (Catalunya : Província). |b Servei de Medi Ambient |9 53475 | |
| 901 | |a Arxiu | ||
| 942 | |n 1 |2 udc |c MON | ||
| 952 | |0 0 |1 0 |4 0 |6 FU659 |7 1 |9 55426 |a Arxiu |b Arxiu |d 2016-12-01 |l 0 |o FU-65-9 |p 24297 |r 2016-12-01 00:00:00 |w 2016-12-01 |y ARXIU | ||
| 999 | |c 59299 |d 59299 | ||